000
00274nam a22001217a 4500
008
180806b xxu||||| |||| 00| 0 eng d
082
_a
813.52
245
_a
Practice Anatomy LAB
_c
Pearson
260
_c
2010
300
_a
1
_f
CD
440
_x
9780321676474
942
_2
ddc
_c
MX
999
_c
46823
_d
46823